Loading...
Few things left Unsaid
| Main Author: | |
|---|---|
| Format: | Printed Book |
| Published: |
Haryana
Penguin
2013
|
| Subjects: |
| LEADER | 00464nam a22001457a 4500 | ||
|---|---|---|---|
| 020 | |a 9788184004199 | ||
| 082 | |a In823.9 |b SUD/F | ||
| 100 | |a Sudeep Nagarkar | ||
| 245 | |a Few things left Unsaid | ||
| 260 | |a Haryana |b Penguin |c 2013 | ||
| 300 | |a 289p. | ||
| 650 | |a Indian english novel | ||
| 942 | |c BK | ||
| 999 | |c 56320 |d 56320 | ||
| 952 | |0 0 |1 0 |4 0 |6 IN_823_900000000000000_SUDF |7 0 |9 63415 |a KUCL |b KUCL |d 2019-03-08 |g 175.00 |l 1 |o In823.9 SUD/F |p 47873 |r 2019-05-02 |s 2019-03-28 |w 2019-03-08 |y BK | ||